| 000 | 01001njm a2200241 i 4500 | ||
|---|---|---|---|
| 001 | 4630 | ||
| 003 | ES-MaACL | ||
| 005 | 20250731030830.0 | ||
| 007 | s|r||||||||||| | ||
| 008 | 070802s1965 sp ||| g ||||||||1|nspa d | ||
| 100 | 1 |
_aLozoya, Juan de Contreras y López de Ayala, _cMarqués de, _d1893-1978 _9129112 |
|
| 245 | 1 | 3 |
_aLa vida rural tradicional _h[Grabación sonora] / _cinterviene el Marqués de Lozoya. |
| 260 |
_aMadrid : _bAteneo de Madrid, _c1965. |
||
| 300 |
_a1 disco (CD-DA) (39 min. 40 seg.) ; _c12 cm. |
||
| 500 | _aDatos basados en la invitación. | ||
| 518 | _aActo organizado por el Aula de Literatura del Ateneo de Madrid, grabado en el salón de actos el martes 25 de mayo de 1965. | ||
| 610 | 2 | 4 |
_aAteneo de Madrid- _xActos culturales- _y1965- _vGrabaciones sonoras. _91879 |
| 650 | 7 |
_aVida rural _2embne _917795 |
|
| 710 | 2 |
_aAteneo de Madrid. _bAula de Literatura. _91943 |
|
| 852 |
_aES-MaACL _jROT 3/1/32 _94747 _cROT |
||
| 942 | _2udc | ||
| 999 |
_c4630 _d4630 |
||